000 00599nam a2200217 i 4500
001 10467
003 ES-MaACL
005 20231213062934.0
007 t|
008 950628s1994 sp |||| | spa d
020 _a84-7002-456-6
080 _a9(467)
100 1 _aMarías, Julián,
_d1914-2005
_976688
245 1 0 _aConsideración de Cataluña /
_cJulián Marías.
260 _aBarcelona :
_bAcervo,
_cD.L. 1994.
300 _a184 p. ;
_c20 cm.
651 4 _aCataluña-
_xCultura.
_98008
651 4 _aCataluña-
_xDescripción.
_98009
852 _aES-MaACL
_jL-17913
999 _c10467
_d10467